01390 2200193 4500001002100000005001500021035002000036245009700056100001600153250003100169300003200200260003400232082001100266084001700277020002200294650001700316520083700333500002601170INLIS00000000000008020240501095646 a0010-05240000021 aZaid Bin Haritsah :bTak Ada ORang yang Lebih Dicintainya Daripada Rasulullah /cDinar Islam0 aDinar Islam acetakan ke-1, edisi revisi aiv. 52 hlm :bilus ;c25 cm aBandung :bTitian Ilmu,c2007 a297.63 a297.63 DIN z a978-979-130-409-2 4aSahabat Nabi aSiapa orang yang mencintai Rasulullah melebihi dirinya sendiri? Salah satunya ialah Zaid bin Haritsah. Zaid, seorang mantan budak belian pada zaman jahilyah yang kemudian menjadi anak angkat Rasulullah, terkenal karena kejujuran, kebaikan , serta keberaniannya dalam kancah perang. Zaid menjadi salah satu panglima di antara tiga panglima perang muslim yang paling disegani kawan maupun lawan. Dalam buku ini, diuraikan tentang kisah hidup Zaid bin Haritsah sejak ia menjadi budak belian sampai ia gugur menjadi syuhada dalam Perang Mut'ah melawan tentara Romawi Timur. Buku ini pun di dalamnya menguraikan tentang kisah Haritsah kecil yang hidup merana. Haritsah dijual kepada Hakim bin Hizam, Haritsah menjadi angka angkat Rasulullah, Haritsah terpilih menjadi komandan pasukan, sampai tentang perkawinan dan gugurnya Haritsah. aSei Para Sahabat Nabi